000 00515nam a22001937a 4500
003 OSt
005 20240824112100.0
008 240824b |||||||| |||| 00| 0 eng d
020 _a978-93-5390-332-9
040 _cSBCL
082 _a894.8123 MUK-A
_b00142363
100 _aMukundan,M
245 _aAppam Chudunna Kunkiyamma
260 _aKottayam, India
_bDC books-Current books, India
_c2020
300 _a144p.
630 _xLiterature, rhetoric & criticism
650 _2Other literatures
942 _cBOOK
999 _c136259
_d136259